| 000 | 00000nam##2200000za#4500 |
| 001 | 9.639559 |
| 003 | CaOODSP |
| 005 | 20210624222230 |
| 007 | cr ||||||||||| |
| 008 | 150407|1999||||xxc|||||o f|0| 0 fre|d |
| 040 | |aCaOODSP|bfre |
| 043 | |an-cn--- |
| 086 | 1 |aH49-139/1999F-PDF |
| 110 | 1 |aCanada. |bSanté Canada. |
| 245 | 10|aÉtiquetage nutritionnel : |h[ressource électronique]|bperceptions et préférences des Canadiens / |c[par l']Institut national de la nutrition. |
| 260 | |aOttawa - Ontario : |bSanté Canada |cJuin 1999. |
| 300 | |a52p.|bgraphiques, tableaux |
| 500 | |a«L'étude mettait l'accent surtout sur le tableau d'information nutritionnelle, une présentation uniforme de la teneur en nutriments d'un aliment qui englobe des données liées à la forme qu'au contenu (déclaration énergétique et nutritionnelle).»--Introduction et historique, p.5 de 52. |
| 520 | 3 |aL'étude mettait l'accent surtout sur le tableau d'information nutritionnelle, une présentation uniforme de la teneur en nutriments d'un aliment qui englobe des données liées à la forme qu'au contenu (déclaration énergétique et nutritionnelle).--Introduction et historique, p.5 de 52. |
| 590 | |a12-15-Supp|b2012-04-13 |
| 691 | 07|aÉtiquetage des aliments|2gcpds |
| 691 | 07|aAlimentation|2gcpds |
| 691 | 07|aConsommateur|2gcpds |
| 710 | 2 |aInstitut national de la nutrition. |
| 775 | 08|tNutrition labelling : |w(CaOODSP)9.695423 |
| 776 | 0#|tÉtiquetage nutritionnel : |w(CaOODSP)9.681146 |
| 856 | 40|ahttp://publications.gc.ca|qPDF|s308 Ko|uhttps://publications.gc.ca/collections/Collection/H49-139-1999F.pdf |